| 000 | 00861nam a22003017a 4500 | ||
|---|---|---|---|
| 001 | 0026378 | ||
| 003 | KOHA_MİRAKIL | ||
| 005 | 20260207002525.0 | ||
| 007 | ta | ||
| 008 | 101213b2010 tu |||gr||||#||||0|tur | | ||
| 020 | _a9786055782344 | ||
| 040 |
_aTR-BiSEU _btur _cTR-BiSEU _erda |
||
| 041 | 0 | _atur | |
| 044 | _ctu | ||
| 050 |
_aHC79 _b.E35 2010 |
||
| 100 | 1 | _aEkiz, Cengiz. | |
| 245 | 1 |
_aTürkiye'de Rekabet Yönetimi : _bTekelci Düzenlemenin Ekonomi-Politiği/ _cCengiz Ekiz ; Cengiz Ekiz. |
|
| 264 | 1 |
_aAnkara : _bSiyasal _c2010 |
|
| 300 | _a318 sayfa; 21 cm. | ||
| 336 |
_ametin _btxt _2rdacontent |
||
| 337 |
_aaracısız _bn _2rdamedia |
||
| 338 |
_acilt _bnc _2rdacarrier |
||
| 500 | _aDizin var. | ||
| 500 | _aKaynakça var. | ||
| 650 | 0 |
_aRekabet Yönetimi. _952431 |
|
| 650 | 0 |
_aCompetition Management. _952432 |
|
| 942 |
_2lcc _cBK |
||
| 999 |
_c26322 _d26322 |
||